000 00210nam a22000977a 4500
999 _c16245
_d16245
003 OSt
008 200625b ||||| |||| 00| 0 eng d
100 _aG Sankarapilla
_94643
245 _aAbhayarthikal
942 _cBK